| 000 | 01320nam2a2200253 4500 | ||
|---|---|---|---|
| 001 | RU\NLR\BIBL_A\016257035 | ||
| 005 | 20250625013823.0 | ||
| 035 | _a(NLR Aleph) 016257035 | ||
| 090 |
_a12845115 _c12845115 |
||
| 100 | _a20230112d1988 |||y0rusy50 ca | ||
| 101 | 0 | _aava | |
| 102 | _aRU | ||
| 105 | _ac z 000gy | ||
| 181 | 0 |
_ai _baxxe |
|
| 182 | 0 | _an | |
| 200 | 1 |
_aКучӀдул _e1941-1951 |
|
| 203 |
_aТекст _bвизуальный _cнепосредственный |
||
| 210 |
_d1988 _aБ. м. |
||
| 215 |
_a538,[1] с. _cпортр. |
||
| 461 | 0 |
_1001RU\NLR\BIBL_A\016257007 _12001#$aАнлъго тӀехьалде ракӀарал асарал$fЦIадаса ХIамзат$gред. кол. ХӀажи ХӀамзатов и др.$gасарал данде ракӀарарав, гьел басмаялде хӀадур гьурарав, цеберагӀи хъаварав ва баянал кьурав ХӀ. ХӀ. ХӀамзатов$vТ. 3 _1700#1$aЦIадаса$bХI.$f1877-1951$gХIамзат _912845020 _aЦIадаса, ХI. (1877-1951) _cМахачкала _d1987-1989 _fЦIадаса ХIамзат _nДаг. кн. изд-во _tАнлъго тӀехьалде ракӀарал асарал _vТ. 3 |
|
| 852 |
_aNLR _bОНЛ _jАвар./2-1221 |
||
| 942 | _cBOOK | ||
| 980 | _aNB | ||